[Event "La Fontera Rumbo al Panamericano"]
[Site "La Fontera"]
[Date "2018.04.??"]
[Round "5.1"]
[White "Pontigo Pritzke, Diego Ignacio"]
[Black "Sandoval Parra, Vicente Gabriel"]
[Result "0-1"]
[WhiteElo "1002"]
[BlackElo "1555"]
[PlyCount "52"]
[EventDate "2018.04.28"]
[EventType "tourn"]
[EventRounds "7"]
[EventCountry "CHI"]
[SourceTitle "EXT 2024"]
[Source "ChessBase"]
[SourceDate "2023.10.10"]
[SourceVersion "1"]
[SourceVersionDate "2023.10.10"]
[SourceQuality "1"]

1. e4 e5 2. Nf3 Nc6 3. Bc4 Nf6 4. 0-0 Bc5 5. d3 h6 6. Nc3 d6 7. Nd5 0-0 8. Be3 Bxe3 9. Nxe3 Ne7 10. h3 Ng6 11. Nf5 a5 12. c3 d5 13. Bb3 dxe4 14. dxe4 Nxe4 15. Qxd8 Rxd8 16. Bc2 Bxf5 17. Rfe1 Nd6 18. Bxf5 Nxf5 19. Nxe5 Nxe5 20. Rxe5 Nd6 21. Rd1 Re8 22. Rde1 Kf8 23. b3 b6 24. Kf1 Rxe5 25. Rxe5 Re8 26. Rxe8+ Kxe8 0-1